Les stations de métro de Stockholm - Statistiques

Statistiques générales
  • Ce quiz a été pris 27 fois
  • Le résultat moyen est 24 sur 101
Réponses sur la Carte
Les réponses sont colorées sur une échelle allant du rouge au vert en fonction du pourcentage des utilisateurs qui les ont devinées à leur premier essai. Vous pouvez retrouver ces pourcentages ci-dessous.
 
Statistiques - réponses
T14 % Correct
T-centralen
90%
Gamla stan
81%
Odenplan
57%
Slussen
57%
Fridhemsplan
48%
Kungsträdgården
48%
Alvik
43%
Brommaplan
43%
Östermalmstorg
43%
Ropsten
43%
Solna centrum
43%
Stadion
43%
Tekniska högskolan
43%
Akalla
38%
Fruängen
38%
Hässelby strand
38%
Mörby centrum
38%
Rådhuset
38%
Universitetet
38%
Hötorget
33%
Mariatorget
33%
Sankt Eriksplan
33%
Bergshamra
29%
Farsta
29%
Farsta strand
29%
Hjulsta
29%
Karlaplan
29%
Liljeholmen
29%
Solna Strand
29%
Västra skogen
29%
Åkeshov
24%
Danderyds sjukhus
24%
Gärdet
24%
Globen
24%
Gullmarsplan
24%
Hagsätra
24%
Hallonbergen
24%
Hornstull
24%
Islandstorget
24%
Kista
24%
Norsborg
24%
Rådmansgatan
24%
Rinkeby
24%
Skanstull
24%
Skarpnäck
24%
Sundbybergs centrum
24%
Telefonplan
24%
Zinkensdamm
24%
Abrahamsberg
19%
Alby
19%
Bredäng
19%
Hässelby gård
19%
Fittja
19%
Kristineberg
19%
Medborgarplatsen
19%
Råcksta
19%
Rissne
19%
Vällingby
19%
Västertorp
19%
Axelsberg
14%
Bandhagen
14%
Björkhagen
14%
Duvbo
14%
Enskede gård
14%
Gubbängen
14%
Hägerstensåsen
14%
Hallunda
14%
Hammarbyhöjden
14%
Högdalen
14%
Hökarängen
14%
Husby
14%
Huvudsta
14%
Johannelund
14%
Kärrtorp
14%
Mälarhöjden
14%
Masmo
14%
Midsommar kransen
14%
Örnsberg
14%
Sätra
14%
Skärholmen
14%
Skärmarbrink
14%
Stadshagen
14%
Storamossen
14%
Stureby
14%
Tensta
14%
Thorildsplan
14%
Vårberg
14%
Vårby gård
14%
Ängbyplan
10%
Aspudden
10%
Bagarmossen
10%
Blackeberg
10%
Blåsut
10%
Kymlinge
10%
Näckrosen
10%
Rågsved
10%
Sandsborg
10%
Skogskyrkogården
10%
Sockenplan
10%
Svedmyra
10%
Tallkrogen
10%
Aucun quiz correspondant
Distribution des résultats
% des personnes avec chaque résultat
Percentile par nombre de réponses
Votre historique - résultats
Vous n’avez pas pris ce quiz